[Event "RUS Cup U11 Girls final"]
[Site "Bryansk"]
[Date "2019.01.05"]
[Round "2"]
[White "Volkova Medova, Anastasiya"]
[Black "Chepovetskaya, Sofya"]
[Result "1-0"]
[WhiteElo "1375"]
[BlackElo "1185"]
[PlyCount "91"]
[EventDate "2019.01.04"]
[EventType "tourn"]
[EventRounds "7"]
[EventCountry "RUS"]
[SourceTitle "EXT 2021"]
[Source "ChessBase"]
[SourceDate "2020.10.23"]
[SourceVersion "1"]
[SourceVersionDate "2020.10.23"]
[SourceQuality "1"]

1. d4 Nf6 2. c4 d6 3. Nf3 g6 4. g3 Bg7 5. Bg2 0-0 6. 0-0 Nbd7 7. Nc3 e5 8. e4 exd4 9. Nxd4 Nc5 10. Bg5 h6 11. Bxf6 Bxf6 12. Nd5 Bg7 13. Rb1 Re8 14. Re1 c6 15. Nc3 Qf6 16. Nb3 Nd7 17. Qc2 Ne5 18. Nd2 Be6 19. b3 Ng4 20. Nd1 Rad8 21. h3 Ne5 22. Ne3 h5 23. Rbd1 h4 24. g4 Bh6 25. Ndf1 Bxe3 26. Nxe3 Nf3+ 27. Bxf3 Qxf3 28. Kh2 Bd7 29. Ng2 g5 30. Qe2 Qxe2 31. Rxe2 Bc8 32. f3 d5 33. Red2 Re6 34. cxd5 Red6 35. Ne3 f6 36. Nc4 R6d7 37. dxc6 Rxd2+ 38. Rxd2 Rxd2+ 39. Nxd2 bxc6 40. Nc4 Kf8 41. Kg2 Ke7 42. f4 Ba6 43. Kf3 Ke6 44. Ke3 c5 45. f5+ Kd7 46. e5 1-0